Description des échinodermes tertiaires du Portugal / (Record no. 158120)

MARC details
000 -LEADER
campo de control de longitud fija 00882nam a22002055i 4500
001 - NÚMERO DE CONTROL
campo de control 158120
003 - IDENTIFICADOR DE NÚMERO DE CONTROL
campo de control ES-MaACL
005 - FECHA Y HORA DE LA ÚLTIMA TRANSACCIÓN
campo de control 20230906211025.0
008 - DATOS DE LONGITUD FIJA--INFORMACIÓN GENERAL
campo de control de longitud fija 021111s1896 po f |||| | fre d
040 ## - FUENTE DE CATALOGACIÓN
Centro catalogador/agencia de origen CCPB | B
Lengua de catalogación spa
Centro/agencia transcriptor CCPB | B
100 0# - ENTRADA PRINCIPAL--NOMBRE DE PERSONA
Nombre de persona Loriol, P. de.
9 (RLIN) 74222
245 10 - MENCIÓN DEL TÍTULO
Título Description des échinodermes tertiaires du Portugal /
Mención de responsabilidad, etc. par P. de Loriol ; accompagnée d'un tableau stratigraphique par J. C. Berkeley Cotter.
260 ## - PUBLICACIÓN, DISTRIBUCIÓN, ETC.
Lugar de publicación, distribución, etc. Lisbonne :
Nombre del editor, distribuidor, etc. [s.n.],
Fecha de publicación, distribución, etc. 1896 (
Fabricante imprimerie de l'Académie Royale des Sciences)
300 ## - DESCRIPCIÓN FÍSICA
Extensión 50 p., [1] h. pleg., XIII h. de grab. ;
Dimensiones 32 cm.
594 #1 - Nota al título y mención de responsabilidad
Nota al título y mención de responsabilidad Precede al tít.: "Direction des Travaux Géologiques du Portugal"
650 #4 - PUNTO DE ACCESO ADICIONAL DE MATERIA--TÉRMINO DE MATERIA
Término de materia o nombre geográfico como elemento de entrada Animales fósiles-
Subdivisión geográfica Portugal.
9 (RLIN) 135568
700 21 - ENTRADA AGREGADA--NOMBRE PERSONAL
Nombre de persona Berkeley Cotter, J. C.,
Término indicativo de función/relación
9 (RLIN) 28044
752 ## - ENTRADA AGREGADA--NOMBRE JERÁRQUICO DEL LUGAR
País o entidad superior Portugal -
Ciudad Lisboa
852 ## - LOCALIZACIÓN
Ubicación ES-MaACL
Número de control de estantería G-6153(2)
Nota libre -- Enc. hol. conservando la original
Holdings
Estatus retirado Estado de pérdida Estado de daño No para préstamo Colección Biblioteca de origen Biblioteca actual Ubicación en estantería Fecha de adquisición Fuente de adquisición Total de préstamos Signatura topográfica completa Código de barras Visto por última vez Precio de reemplazo Tipo de ítem Koha
        Libros del s. XIX Biblioteca del Ateneo de Madrid Biblioteca del Ateneo de Madrid Depósito 2 17/01/2008     G-6153(2) 1165488 23/02/2023 23/02/2023 Libro impreso antiguo